Logo BPK

Biblioteka

Politechniki Koszalińskiej

Inżynieria genetyczna / (Rekord nr 21610)

Szczegóły MARC
000 -ETYKIETA REKORDU
podpole kontrolne o stałej długości 00615nam a2200205 i 4500
001 - NUMER KONTROLNY REKORDU
pole kontrolne bg
040 ## - ŹRÓDŁO KATALOGOWANIA
Instytucja, która utworzyła rekord BPK
041 ## - KOD JĘZYKA
Kod języka tekstu pol
080 ## - UNIWERSALNA KLASYFIKACJA DZIESIĘTNA - UKD
UKD 575
008 - POLE O STAŁEJ DŁUGOŚCI - DANE KONTROLNE
podpole kontrolne o stałej długości s pl f |000 0 pol
100 1# - NAZWA OSOBOWA
Nazwa osobowa GAJEWSKI, Wacław
245 #0 - TYTUŁ/ODPOWIEDZIALNOŚĆ
Tytuł Inżynieria genetyczna /
Pozostałe elementy strefy tytułu i oznaczenia odpowiedzialności Wacław Gajewski, Piotr Węgleński.
260 ## - STREFA ADRESU WYDAWNICZEGO
Miejsce wydania Warszawa :
Nazwa wydawcy/dystrybutora Państw. Wydawn. Nauk.,
Data publikacji, dystrybucji/powstania dokumentu 1980.
300 ## - STREFA OPISU FIZYCZNEGO
Objętość s. 259, nlb. 1 :
Inne cechy fizyczne rys., tabl. nlb. 1.
490 1# - STREFA SERII I DOKUMENTU WIELOCZĘŚCIOWEGO - FORMA NIE DO WYSZUKIWANIA
Tytuł i oznaczenie odpowiedzialności serii Zagadnienia Biologii Współczesnej
504 ## - UWAGA DOTYCZĄCA BIBLIOGRAFII
Informacje o bibliografii [Zawiera bibliogr. s. 251-260].
700 1# - HASŁO DODATKOWE - NAZWA OSOBOWA
Nazwa osobowa WĘGLEŃSKI, Piotr
830 ## - HASŁO DODATKOWE SERII LUB DOKUMENTU WIELOCZĘŚCIOWEGO - TYTUŁ UJEDNOLICONY
Tytuł ujednolicony Zagadnienia Biologii Współczesnej
856 ## - LOKALIZACJA I DOSTĘP DO ELEKTRONICZNYCH DOKUMENTÓW ZDALNYCH
Link (URL) http://koha.tu.koszalin.pl/cgi-bin/koha/opac-detail.pl?biblionumber=21610
Tekst linku Katalog online BPK
942 ## - DODATKOWE ELEMENTY (KOHA)
Typ dokumentu Książka
Egzemplarze
Wycofany Status egzemplarza Uszkodzony Dostępność Lokalizacja stała Lokalizacja bieżąca Miejsce przechowywania Sygnatura Kod kreskowy Typ dokumentu
      Dostępny Biblioteka Politechniki Koszalińskiej Biblioteka Politechniki Koszalińskiej Wypożyczalnia BG 30384 01565867 Książka
© 2023 Biblioteka Politechniki Koszalińskiej :: KOHA